000 00499nam a2200181Ia 4500
005 20250508152944.0
008 008 250505s9999 xx 000 0 eng d
037 _aTextual
040 _aFEDL
_beng
_cFEDL
041 _aeng
_2eng
084 _a910, WAG
_qFEDL
100 _aWagner Philip L
245 0 _aReadings in cultural geography
260 _aChicago, USA
_bThe University of Chicago Press
_c1962
300 _a589p.
942 _cTEXL
_h910, WAG
999 _c1339810
_d1339810